Chaos and diffusion in Hamiltonian systems (Record no. 12382)

MARC details
000 -LEADER
fixed length control field 00805nam a2200193Ia 4500
003 - CONTROL NUMBER IDENTIFIER
control field IN-BaIIA
008 - FIXED-LENGTH DATA ELEMENTS--GENERAL INFORMATION
fixed length control field 211028s9999 xx 000 0 eng d
020 ## - INTERNATIONAL STANDARD BOOK NUMBER
International Standard Book Number 2-86332-190-0
040 ## - CATALOGING SOURCE
Transcribing agency IIA Library
080 ## - UNIVERSAL DECIMAL CLASSIFICATION NUMBER
Universal Decimal Classification number 530.145(082.1)
Item number CHA
111 ## - MAIN ENTRY--MEETING NAME
Meeting name or jurisdiction name as entry element Workshop in Astronomy and Astrophysics of Chamonix
Number of part/section/meeting 4th
Location of meeting France
Date of meeting or treaty signing 1994 Feb. 7-12
9 (RLIN) 21655
245 #0 - TITLE STATEMENT
Title Chaos and diffusion in Hamiltonian systems
Remainder of title proceedings of the fourth workshop in astronomy and astrophysics of Chamonix, held in Chamonix, France, 7-12 Feb 1994
Statement of responsibility, etc. edited by D. Benest and C. Froeschle
260 ## - PUBLICATION, DISTRIBUTION, ETC.
Place of publication, distribution, etc. France
Name of publisher, distributor, etc. Edition Frontieres
Date of publication, distribution, etc. 1995
300 ## - PHYSICAL DESCRIPTION
Extent ix, 287p.
650 ## - SUBJECT ADDED ENTRY--TOPICAL TERM
Topical term or geographic name entry element Quantum physics
9 (RLIN) 2816
700 ## - ADDED ENTRY--PERSONAL NAME
Personal name Benest, D., ed.
9 (RLIN) 21656
700 ## - ADDED ENTRY--PERSONAL NAME
Personal name Froeschle, C., ed.
9 (RLIN) 21657
942 ## - ADDED ENTRY ELEMENTS (KOHA)
Koha item type Books
952 ## - LOCATION AND ITEM INFORMATION (KOHA)
-- 51.00
Holdings
Withdrawn status Lost status Damaged status Not for loan Home library Current library Shelving location Date acquired Source of acquisition Total Checkouts Full call number Barcode Date last seen Price effective from Koha item type
        IIA Library-Bangalore IIA Library-Bangalore General Stacks 18/02/1998 EDF   530.145(082.1)/ CHA 13298 05/11/2021 18/02/1998 Books

Powered by Koha